[Event "Top 12 2021"]
[Site "Chalons en Champagne, France"]
[Date "2021.07.04"]
[Round "11.11"]
[White "Iglesias, Joachim PAR"]
[Black "Eden, James VIL"]
[Result "1/2-1/2"]
[WhiteElo "2259"]
[BlackElo "2294"]

1. d4 {[%clk 01:30:46]} {[%emt 00:00:12]} d5 {[%clk 01:30:37]} {[%emt
00:00:23]} 2. Nf3 {[%clk 01:31:10]} {[%emt 00:00:07]} Nf6 {[%clk 01:30:59]}
{[%emt 00:00:07]} 3. e3 {[%clk 01:31:35]} {[%emt 00:00:05]} Bf5 {[%clk
01:30:17]} {[%emt 00:01:12]} 4. Bd3 {[%clk 01:30:50]} {[%emt 00:01:16]} Bxd3
{[%clk 01:29:28]} {[%emt 00:01:20]} 5. Qxd3 {[%clk 01:31:12]} {[%emt 00:00:08]}
Nbd7 {[%clk 01:28:59]} {[%emt 00:00:58]} 6. Nbd2 {[%clk 01:31:09]} {[%emt
00:00:33]} e6 {[%clk 01:28:52]} {[%emt 00:00:37]} 7. O-O {[%clk 01:31:23]}
{[%emt 00:00:16]} Bd6 {[%clk 01:28:39]} {[%emt 00:00:43]} 8. e4 {[%clk
01:31:23]} {[%emt 00:00:30]} dxe4 {[%emt 00:01:19]} 9. Nxe4 {[%clk 01:30:27]}
{[%emt 00:01:26]} Nxe4 {[%clk 01:28:11]} {[%emt 00:00:10]} 10. Qxe4 {[%clk
01:30:51]} {[%emt 00:00:05]} c6 {[%clk 01:28:13]} {[%emt 00:00:28]} 11. c4
{[%clk 01:28:55]} {[%emt 00:02:26]} O-O {[%clk 01:25:06]} {[%emt 00:03:36]} 12.
Bg5 {[%clk 01:26:48]} {[%emt 00:02:38]} Qc7 {[%clk 01:17:15]} {[%emt 00:08:21]}
13. c5 {[%clk 01:25:53]} {[%emt 00:01:25]} Bxc5 {[%clk 01:15:13]} {[%emt
00:02:32]} 14. dxc5 {[%clk 01:26:13]} {[%emt 00:00:10]} Nxc5 {[%clk 01:15:36]}
{[%emt 00:00:07]} 15. Qd4 {[%clk 01:21:50]} {[%emt 00:04:53]} Nd7 {[%clk
01:14:29]} {[%emt 00:01:37]} 16. Rad1 {[%clk 01:19:22]} {[%emt 00:02:58]} Nb6
{[%clk 01:11:15]} {[%emt 00:03:45]} 17. Bf4 {[%clk 01:16:23]} {[%emt 00:03:28]}
Qc8 {[%clk 01:11:23]} {[%emt 00:00:21]} 18. Bd6 {[%clk 01:16:24]} {[%emt
00:00:30]} Rd8 {[%clk 01:10:52]} {[%emt 00:01:02]} 19. Qg4 {[%clk 01:16:11]}
{[%emt 00:00:43]} Nd5 {[%clk 01:10:11]} {[%emt 00:01:11]} 20. Ba3 {[%clk
01:07:19]} {[%emt 00:09:22]} Qc7 {[%clk 01:08:14]} {[%emt 00:02:26]} 21. Rfe1
{[%clk 01:06:38]} {[%emt 00:01:11]} Nf6 {[%clk 01:05:54]} {[%emt 00:02:51]} 22.
Qh4 {[%clk 01:04:32]} {[%emt 00:02:36]} Rd5 {[%clk 01:04:23]} {[%emt 00:02:01]}
23. b3 {[%clk 01:03:33]} {[%emt 00:01:29]} Rh5 {[%clk 00:56:38]} {[%emt
00:08:15]} 24. Bd6 {[%clk 00:52:12]} {[%emt 00:11:51]} Qa5 {[%clk 00:53:46]}
{[%emt 00:03:23]} 25. Qb4 {[%clk 00:48:45]} {[%emt 00:03:57]} Qxb4 {[%clk
00:49:53]} {[%emt 00:04:22]} 26. Bxb4 {[%clk 00:47:51]} {[%emt 00:01:24]} a5
{[%clk 00:50:17]} {[%emt 00:00:06]} 27. Bc3 {[%clk 00:35:12]} {[%emt 00:13:09]}
a4 {[%clk 00:48:14]} {[%emt 00:02:33]} 28. Bxf6 {[%clk 00:30:40]} {[%emt
00:05:03]} gxf6 {[%clk 00:47:41]} {[%emt 00:01:03]} 29. b4 {[%clk 00:30:55]}
{[%emt 00:00:15]} a3 {[%clk 00:47:36]} {[%emt 00:00:34]} 30. Kf1 {[%clk
00:23:48]} {[%emt 00:07:37]} Ra4 {[%clk 00:45:48]} {[%emt 00:02:18]} 31. Re4
{[%clk 00:19:44]} {[%emt 00:04:34]} Rb5 {[%clk 00:42:56]} {[%emt 00:03:22]} 32.
Rd8+ {[%clk 00:19:06]} {[%emt 00:01:08]} Kg7 {[%clk 00:43:20]} {[%emt
00:00:06]} 33. Rg4+ {[%clk 00:19:06]} {[%emt 00:00:30]} Kh6 {[%clk 00:43:43]}
{[%emt 00:00:07]} 34. Rdd4 {[%clk 00:16:01]} {[%emt 00:03:35]} f5 {[%clk
00:42:02]} {[%emt 00:02:11]} 35. Rg3 {[%clk 00:06:39]} {[%emt 00:09:53]} Raxb4
{[%clk 00:39:36]} {[%emt 00:02:56]} 36. Rxb4 {[%clk 00:06:59]} {[%emt
00:00:10]} Rxb4 {[%clk 00:39:59]} {[%emt 00:00:07]} 37. Ne5 {[%clk 00:07:26]}
{[%emt 00:00:04]} Rb1+ {[%clk 00:39:33]} {[%emt 00:00:56]} 38. Ke2 {[%clk
00:07:52]} {[%emt 00:00:04]} Rb2+ {[%clk 00:39:49]} {[%emt 00:00:14]} 39. Ke1
{[%clk 00:06:36]} {[%emt 00:01:46]} Rb1+ {[%clk 00:39:56]} {[%emt 00:00:22]} 40.
Kd2 {[%clk 00:36:32]} {[%emt 00:00:35]} Rb2+ {[%clk 01:10:08]} {[%emt
00:00:17]} 41. Kc1 {[%clk 00:20:41]} {[%emt 00:16:21]} f6 {[%clk 01:06:47]}
{[%emt 00:03:51]} 42. Nf7+ {[%clk 00:20:40]} {[%emt 00:00:32]} Kh5 {[%clk
01:07:11]} {[%emt 00:00:06]} 43. Rxa3 {[%clk 00:18:07]} {[%emt 00:03:04]} Rxf2
{[%clk 01:07:25]} {[%emt 00:00:16]} 44. Rh3+ {[%clk 00:16:16]} {[%emt
00:02:21]} Kg6 {[%clk 01:07:10]} {[%emt 00:00:45]} 45. Nd8 {[%clk 00:16:41]}
{[%emt 00:00:05]} Rxg2 {[%clk 00:59:54]} {[%emt 00:07:45]} 46. Rg3+ {[%clk
00:16:41]} {[%emt 00:00:31]} Rxg3 {[%clk 01:00:16]} {[%emt 00:00:08]} 47. hxg3
{[%clk 00:17:09]} {[%emt 00:00:02]} b6 {[%clk 00:42:33]} {[%emt 00:18:13]} 48.
Kd2 {[%clk 00:13:16]} {[%emt 00:04:22]} Kg5 {[%clk 00:39:52]} {[%emt 00:03:11]}
49. Ke3 {[%clk 00:13:07]} {[%emt 00:00:40]} Kg4 {[%clk 00:39:14]} {[%emt
00:01:08]} 50. Kf2 {[%clk 00:13:32]} {[%emt 00:00:05]} c5 {[%clk 00:39:21]}
{[%emt 00:00:23]} 51. Nxe6 {[%clk 00:13:37]} {[%emt 00:00:25]} h5 {[%clk
00:38:20]} {[%emt 00:01:31]} 52. a4 {[%clk 00:10:56]} {[%emt 00:03:11]} c4
{[%clk 00:37:37]} {[%emt 00:01:12]} 53. Nc7 {[%clk 00:06:41]} {[%emt 00:04:46]}
f4 {[%clk 00:24:41]} {[%emt 00:13:26]} 54. gxf4 {[%clk 00:07:07]} {[%emt
00:00:04]} Kxf4 {[%clk 00:24:54]} {[%emt 00:00:17]} 55. Nd5+ {[%clk 00:07:33]}
{[%emt 00:00:04]} Ke5 {[%clk 00:21:33]} {[%emt 00:03:50]} 56. Nxb6 {[%clk
00:07:48]} {[%emt 00:00:16]} c3 {[%clk 00:21:10]} {[%emt 00:00:53]} 57. Ke2
{[%clk 00:04:16]} {[%emt 00:04:01]} h4 {[%clk 00:19:30]} {[%emt 00:02:09]} 58.
Nc4+ {[%clk 00:04:25]} {[%emt 00:00:21]} Kd4 {[%clk 00:19:24]} {[%emt
00:00:36]} 59. Ne3 {[%clk 00:04:18]} {[%emt 00:00:38]} h3 {[%clk 00:19:41]}
{[%emt 00:00:12]} 60. Nf1 {[%clk 00:03:45]} {[%emt 00:01:03]} Kc4 {[%clk
00:14:46]} {[%emt 00:05:26]} 61. Ne3+ {[%clk 00:03:28]} {[%emt 00:00:48]} Kb3
{[%clk 00:14:25]} {[%emt 00:00:50]} 62. Kf3 {[%clk 00:02:41]} {[%emt 00:01:17]}
Kxa4 {[%clk 00:09:55]} {[%emt 00:05:01]} 63. Kg3 {[%clk 00:03:05]} {[%emt
00:00:06]} Kb4 {[%clk 00:09:22]} {[%emt 00:01:02]} 64. Kxh3 {[%clk 00:03:30]}
{[%emt 00:00:05]} Kc5 {[%clk 00:09:46]} {[%emt 00:00:06]} 65. Kg3 {[%clk
00:02:55]} {[%emt 00:01:06]} Kd4 {[%clk 00:10:09]} {[%emt 00:00:07]} 66. Kf4
{[%clk 00:03:10]} {[%emt 00:00:14]} Kd3 {[%clk 00:10:31]} {[%emt 00:00:08]} 67.
Nd5 {[%clk 00:03:32]} {[%emt 00:00:07]} c2 {[%clk 00:10:49]} {[%emt 00:00:12]}
1/2-1/2

[Event "Top 12 2021"]
[Site "Chalons en Champagne, France"]
[Date "2021.07.04"]
[Round "11.12"]
[White "Dutreuil, Raphael VIL"]
[Black "Baillon, Olivier PAR"]
[Result "1-0"]
[WhiteElo "2309"]
[BlackElo "2213"]

1. Nf3 {[%clk 01:30:57]} {[%emt 00:00:02]} c5 {[%clk 01:29:21]} {[%emt
00:01:38]} 2. g3 {[%clk 01:30:59]} {[%emt 00:00:28]} Nc6 {[%clk 01:29:30]}
{[%emt 00:00:20]} 3. Bg2 {[%clk 01:29:18]} {[%emt 00:02:12]} g6 {[%clk
01:29:16]} {[%emt 00:00:44]} 4. d4 {[%clk 01:26:45]} {[%emt 00:03:03]} cxd4
{[%clk 01:28:02]} {[%emt 00:01:44]} 5. Nxd4 {[%clk 01:27:09]} {[%emt 00:00:06]}
Bg7 {[%clk 01:28:16]} {[%emt 00:00:15]} 6. Nb3 {[%clk 01:26:30]} {[%emt
00:01:09]} d6 {[%clk 01:28:20]} {[%emt 00:00:25]} 7. O-O {[%clk 01:26:02]}
{[%emt 00:00:59]} h5 {[%clk 01:28:18]} {[%emt 00:00:32]} 8. h3 {[%clk
01:21:02]} {[%emt 00:05:31]} Be6 {[%clk 01:27:38]} {[%emt 00:01:08]} 9. c3
{[%clk 01:13:07]} {[%emt 00:08:25]} Qd7 {[%clk 01:25:33]} {[%emt 00:02:33]} 10.
h4 {[%clk 01:07:34]} {[%emt 00:06:06]} Bh3 {[%clk 01:20:56]} {[%emt 00:05:07]}
11. N1d2 {[%clk 01:06:30]} {[%emt 00:01:34]} Nf6 {[%clk 01:19:26]} {[%emt
00:02:00]} 12. Nf3 {[%clk 01:06:18]} {[%emt 00:00:43]} O-O {[%clk 01:19:01]}
{[%emt 00:00:54]} 13. Bg5 {[%clk 01:03:01]} {[%emt 00:03:48]} b5 {[%clk
01:10:57]} {[%emt 00:08:34]} 14. Bxh3 {[%clk 00:54:33]} {[%emt 00:08:58]} Qxh3
{[%clk 01:11:12]} {[%emt 00:00:13]} 15. Bxf6 {[%clk 00:54:58]} {[%emt
00:00:06]} Bxf6 {[%clk 01:11:26]} {[%emt 00:00:16]} 16. Qd5 {[%clk 00:55:20]}
{[%emt 00:00:09]} Ne5 {[%clk 01:09:59]} {[%emt 00:01:57]} 17. Nxe5 {[%clk
00:50:08]} {[%emt 00:05:43]} Bxe5 {[%clk 01:10:10]} {[%emt 00:00:19]} 18. Nd4
{[%clk 00:49:52]} {[%emt 00:00:45]} Bxg3 {[%clk 01:05:39]} {[%emt 00:05:01]} 19.
fxg3 {[%clk 00:48:53]} {[%emt 00:01:30]} Qxg3+ {[%clk 01:05:59]} {[%emt
00:00:09]} 20. Qg2 {[%clk 00:48:55]} {[%emt 00:00:28]} Qxh4 {[%clk 01:04:40]}
{[%emt 00:01:49]} 21. Nf5 {[%clk 00:46:26]} {[%emt 00:03:00]} Qc4 {[%clk
01:03:37]} {[%emt 00:01:32]} 22. Nxe7+ {[%clk 00:45:21]} {[%emt 00:01:35]} Kh7
{[%clk 01:03:43]} {[%emt 00:00:23]} 23. Nd5 {[%clk 00:45:14]} {[%emt 00:00:38]}
f5 {[%clk 01:03:28]} {[%emt 00:00:45]} 24. Nf4 {[%clk 00:43:12]} {[%emt
00:02:33]} Rg8 {[%clk 01:01:36]} {[%emt 00:02:21]} 25. Rad1 {[%clk 00:38:33]}
{[%emt 00:05:09]} Rae8 {[%clk 00:54:32]} {[%emt 00:07:34]} 26. Qd5 {[%clk
00:36:28]} {[%emt 00:02:35]} Qc8 {[%clk 00:48:08]} {[%emt 00:06:54]} 27. Qxd6
{[%clk 00:36:33]} {[%emt 00:00:26]} Rg7 {[%clk 00:48:24]} {[%emt 00:00:13]} 28.
Rf2 {[%clk 00:34:48]} {[%emt 00:02:17]} Ree7 {[%clk 00:42:32]} {[%emt
00:06:21]} 29. Rd3 {[%clk 00:29:16]} {[%emt 00:06:02]} h4 {[%clk 00:35:48]}
{[%emt 00:07:13]} 30. Rg2 {[%clk 00:24:41]} {[%emt 00:05:05]} Rd7 {[%clk
00:27:17]} {[%emt 00:09:00]} 31. Qf6 {[%clk 00:24:06]} {[%emt 00:01:06]} 1-0

[Event "Top 12 2021"]
[Site "Chalons en Champagne, France"]
[Date "2021.07.04"]
[Round "11.14"]
[White "Caille, Hugo VIL"]
[Black "Mendeiros, Jerome PAR"]
[Result "1-0"]
[WhiteElo "2182"]
[BlackElo "2134"]

1. b3 {[%clk 01:30:57]} {[%emt 00:00:02]} d5 {[%clk 01:29:55]} {[%emt
00:01:05]} 2. Bb2 {[%clk 01:31:13]} {[%emt 00:00:15]} Bf5 {[%clk 01:30:06]}
{[%emt 00:00:19]} 3. d3 {[%clk 01:31:37]} {[%emt 00:00:06]} e6 {[%clk
01:30:13]} {[%emt 00:00:22]} 4. Nd2 {[%emt 00:00:31]} Nf6 {[%clk 01:29:45]}
{[%emt 00:00:34]} 5. g3 {[%clk 01:32:10]} {[%emt 00:00:21]} Be7 {[%clk
01:28:37]} {[%emt 00:01:37]} 6. Bg2 {[%clk 01:32:35]} {[%emt 00:00:05]} c6
{[%clk 01:26:30]} {[%emt 00:02:37]} 7. e4 {[%clk 01:32:08]} {[%emt 00:00:57]}
Bg6 {[%clk 01:26:20]} {[%emt 00:00:40]} 8. Nh3 {[%clk 01:32:32]} {[%emt
00:00:07]} h6 {[%clk 01:23:55]} {[%emt 00:02:55]} 9. O-O {[%clk 01:32:36]}
{[%emt 00:00:26]} O-O {[%clk 01:23:59]} {[%emt 00:00:26]} 10. Nf4 {[%clk
01:29:57]} {[%emt 00:03:10]} Bh7 {[%clk 01:24:08]} {[%emt 00:00:20]} 11. e5
{[%clk 01:28:53]} {[%emt 00:01:33]} Ne8 {[%clk 01:24:13]} {[%emt 00:00:25]} 12.
h4 {[%clk 01:17:35]} {[%emt 00:11:49]} Nd7 {[%clk 01:22:08]} {[%emt 00:02:34]}
13. Re1 {[%clk 01:17:38]} {[%emt 00:00:27]} a5 {[%clk 01:21:46]} {[%emt
00:00:52]} 14. a4 {[%clk 01:15:07]} {[%emt 00:03:01]} Rc8 {[%clk 01:14:08]}
{[%emt 00:08:07]} 15. Nf1 {[%clk 01:11:44]} {[%emt 00:03:54]} b5 {[%clk
01:10:13]} {[%emt 00:04:25]} 16. Ne3 {[%clk 01:09:19]} {[%emt 00:02:56]} b4
{[%clk 00:59:22]} {[%emt 00:11:21]} 17. Qg4 {[%clk 01:01:04]} {[%emt 00:08:45]}
Qc7 {[%clk 00:56:10]} {[%emt 00:03:41]} 18. Bh3 {[%clk 00:48:42]} {[%emt
00:12:53]} Nxe5 {[%clk 00:51:10]} {[%emt 00:05:31]} 19. Bxe5 {[%clk 00:49:04]}
{[%emt 00:00:08]} Qxe5 {[%clk 00:51:34]} {[%emt 00:00:06]} 20. Nexd5 {[%clk
00:49:28]} {[%emt 00:00:06]} Qd6 {[%clk 00:51:43]} {[%emt 00:00:20]} 21. Nxe7+
{[%clk 00:49:36]} {[%emt 00:00:22]} Qxe7 {[%clk 00:52:08]} {[%emt 00:00:06]} 22.
Nxe6 {[%clk 00:50:00]} {[%emt 00:00:07]} f5 {[%clk 00:47:05]} {[%emt 00:05:32]}
23. Qc4 {[%clk 00:43:02]} {[%emt 00:07:27]} Kh8 {[%clk 00:44:36]} {[%emt
00:03:00]} 24. Nxf8 {[%clk 00:42:27]} {[%emt 00:01:05]} Qxf8 {[%clk 00:45:05]}
{[%emt 00:00:01]} 25. Re5 {[%clk 00:38:16]} {[%emt 00:04:39]} c5 {[%clk
00:44:21]} {[%emt 00:01:15]} 26. Rae1 {[%clk 00:37:58]} {[%emt 00:00:48]} Nd6
{[%clk 00:44:18]} {[%emt 00:00:33]} 27. Qe6 {[%clk 00:36:22]} {[%emt 00:02:06]}
Rd8 {[%clk 00:42:18]} {[%emt 00:02:30]} 28. Qe7 {[%clk 00:35:48]} {[%emt
00:01:04]} Qg8 {[%clk 00:42:31]} {[%emt 00:00:16]} 29. Re6 {[%emt 00:03:31]}
1-0

[Event "Top 12 2021"]
[Site "Chalons en Champagne, France"]
[Date "2021.07.04"]
[Round "11.15"]
[White "Hirth, Julien PAR"]
[Black "Saatdjian, Stephane VIL"]
[Result "1-0"]
[WhiteElo "2048"]
[BlackElo "2131"]

1. e4 {[%clk 01:28:22]} {[%emt 00:00:51]} c5 {[%clk 01:30:56]} {[%emt
00:00:05]} 2. c3 {[%clk 01:28:45]} {[%emt 00:00:08]} Nf6 {[%clk 01:31:23]}
{[%emt 00:00:02]} 3. e5 {[%clk 01:29:09]} {[%emt 00:00:06]} Nd5 {[%clk
01:31:51]} {[%emt 00:00:02]} 4. Nf3 {[%clk 01:29:32]} {[%emt 00:00:07]} e6
{[%clk 01:32:05]} {[%emt 00:00:16]} 5. d4 {[%clk 01:27:48]} {[%emt 00:02:14]}
cxd4 {[%clk 01:32:22]} {[%emt 00:00:13]} 6. cxd4 {[%clk 01:28:13]} {[%emt
00:00:05]} d6 {[%clk 01:32:40]} {[%emt 00:00:11]} 7. Bc4 {[%clk 01:27:51]}
{[%emt 00:00:52]} Nc6 {[%clk 01:28:08]} {[%emt 00:05:02]} 8. O-O {[%clk
01:27:50]} {[%emt 00:00:31]} Be7 {[%clk 01:26:48]} {[%emt 00:01:51]} 9. Qe2
{[%clk 01:27:49]} {[%emt 00:00:30]} O-O {[%clk 01:22:35]} {[%emt 00:04:43]} 10.
Nc3 {[%clk 01:27:37]} {[%emt 00:00:42]} dxe5 {[%clk 01:19:26]} {[%emt
00:03:40]} 11. dxe5 {[%clk 01:27:17]} {[%emt 00:00:50]} Nxc3 {[%clk 01:18:25]}
{[%emt 00:01:31]} 12. bxc3 {[%clk 01:27:40]} {[%emt 00:00:06]} Qa5 {[%clk
01:12:59]} {[%emt 00:05:55]} 13. Bd2 {[%clk 01:27:41]} {[%emt 00:00:30]} b6
{[%clk 00:45:32]} {[%emt 00:27:57]} 14. Bb5 {[%clk 01:26:49]} {[%emt 00:01:22]}
Bb7 {[%clk 00:41:34]} {[%emt 00:04:29]} 15. a3 {[%clk 01:26:45]} {[%emt
00:00:34]} Rfd8 {[%clk 00:37:09]} {[%emt 00:04:55]} 16. Be1 {[%clk 01:26:39]}
{[%emt 00:00:36]} Bxa3 {[%clk 00:34:38]} {[%emt 00:03:02]} 17. Nd4 {[%clk
01:26:17]} {[%emt 00:00:51]} Rxd4 {[%clk 00:25:47]} {[%emt 00:09:21]} 18. cxd4
{[%clk 01:26:36]} {[%emt 00:00:11]} Nb4 {[%clk 00:26:14]} {[%emt 00:00:02]} 19.
f4 {[%clk 01:26:03]} {[%emt 00:01:03]} a6 {[%clk 00:23:31]} {[%emt 00:03:15]}
20. Bd3 {[%clk 01:03:01]} {[%emt 00:23:32]} Qa4 {[%clk 00:21:44]} {[%emt
00:02:17]} 21. f5 {[%clk 00:53:31]} {[%emt 00:10:00]} Nxd3 {[%clk 00:17:49]}
{[%emt 00:04:24]} 22. Qxd3 {[%emt 00:00:32]} Qc6 {[%clk 00:18:16]} {[%emt
00:00:01]} 23. Qg3 {[%clk 00:43:04]} {[%emt 00:10:56]} Bf8 {[%clk 00:17:38]}
{[%emt 00:01:09]} 24. fxe6 {[%clk 00:20:35]} {[%emt 00:22:59]} Qxe6 {[%clk
00:17:56]} {[%emt 00:00:12]} 25. Rc1 {[%clk 00:20:44]} {[%emt 00:00:21]} Bc6
{[%clk 00:15:13]} {[%emt 00:03:12]} 26. Rf6 {[%clk 00:19:57]} {[%emt 00:01:17]}
1-0

[Event "Top 12 2021"]
[Site "Chalons en Champagne, France"]
[Date "2021.07.04"]
[Round "11.16"]
[White "Dieuleveut, Floriane VIL"]
[Black "Auvray, Juliette PAR"]
[Result "1-0"]
[WhiteElo "1850"]
[BlackElo "2010"]

1. e4 {[%clk 01:30:45]} {[%emt 00:00:14]} c5 {[%clk 01:30:55]} {[%emt
00:00:05]} 2. Nc3 {[%clk 01:30:54]} {[%emt 00:00:20]} g6 {[%clk 01:30:45]}
{[%emt 00:00:41]} 3. f4 {[%clk 01:30:51]} {[%emt 00:00:33]} Bg7 {[%clk
01:30:43]} {[%emt 00:00:32]} 4. Nf3 {[%clk 01:31:06]} {[%emt 00:00:16]} Nc6
{[%clk 01:30:42]} {[%emt 00:00:31]} 5. Bb5 {[%clk 01:30:34]} {[%emt 00:01:01]}
Nd4 {[%clk 01:29:11]} {[%emt 00:02:01]} 6. O-O {[%clk 01:30:32]} {[%emt
00:00:33]} Nxb5 {[%clk 01:26:23]} {[%emt 00:03:18]} 7. Nxb5 {[%clk 01:30:54]}
{[%emt 00:00:07]} d5 {[%clk 01:23:08]} {[%emt 00:03:45]} 8. e5 {[%clk
01:30:04]} {[%emt 00:01:20]} d4 {[%clk 01:19:00]} {[%emt 00:04:38]} 9. c3
{[%clk 01:29:39]} {[%emt 00:00:55]} a6 {[%clk 01:18:26]} {[%emt 00:01:04]} 10.
Na3 {[%clk 01:29:58]} {[%emt 00:00:11]} Nh6 {[%clk 01:09:14]} {[%emt 00:09:43]}
11. cxd4 {[%clk 01:18:13]} {[%emt 00:12:14]} cxd4 {[%clk 01:06:56]} {[%emt
00:02:49]} 12. d3 {[%clk 01:17:37]} {[%emt 00:01:05]} Nf5 {[%clk 01:00:30]}
{[%emt 00:06:56]} 13. Nc2 {[%clk 00:55:12]} {[%emt 00:22:55]} h5 {[%clk
00:53:59]} {[%emt 00:07:02]} 14. Qe1 {[%clk 00:40:10]} {[%emt 00:15:32]} Qd5
{[%clk 00:45:00]} {[%emt 00:09:28]} 15. Qe4 {[%clk 00:30:40]} {[%emt 00:10:00]}
Qc5 {[%clk 00:39:06]} {[%emt 00:06:24]} 16. Ncxd4 {[%clk 00:24:25]} {[%emt
00:06:46]} O-O {[%clk 00:36:57]} {[%emt 00:02:39]} 17. Kh1 {[%clk 00:23:24]}
{[%emt 00:01:31]} Rd8 {[%clk 00:33:08]} {[%emt 00:04:18]} 18. Nb3 {[%clk
00:19:12]} {[%emt 00:04:43]} Qb6 {[%clk 00:25:47]} {[%emt 00:07:52]} 19. d4
{[%clk 00:16:19]} {[%emt 00:03:23]} Be6 {[%clk 00:24:17]} {[%emt 00:01:59]} 20.
Nbd2 {[%clk 00:06:48]} {[%emt 00:10:01]} Bd5 {[%clk 00:20:06]} {[%emt
00:04:41]} 21. Qd3 {[%clk 00:06:12]} {[%emt 00:01:06]} Rac8 {[%clk 00:19:10]}
{[%emt 00:01:26]} 22. b3 {[%clk 00:06:19]} {[%emt 00:00:23]} Bxf3 {[%clk
00:16:19]} {[%emt 00:03:21]} 23. Nxf3 {[%clk 00:06:38]} {[%emt 00:00:12]} Nxd4
{[%clk 00:14:22]} {[%emt 00:02:26]} 24. Qe3 {[%clk 00:04:09]} {[%emt 00:02:59]}
Qc5 {[%clk 00:11:46]} {[%emt 00:03:06]} 25. Nxd4 {[%clk 00:02:48]} {[%emt
00:01:51]} Qxd4 {[%clk 00:10:56]} {[%emt 00:01:20]} 26. Qxd4 {[%clk 00:03:11]}
{[%emt 00:00:07]} Rxd4 {[%clk 00:11:22]} {[%emt 00:00:04]} 27. Ba3 {[%clk
00:03:21]} {[%emt 00:00:20]} Rc2 {[%clk 00:07:01]} {[%emt 00:04:51]} 28. Bxe7
{[%clk 00:02:47]} {[%emt 00:01:04]} Rdd2 {[%clk 00:06:46]} {[%emt 00:00:45]} 29.
Rg1 {[%clk 00:03:16]} {[%emt 00:00:02]} Bh6 {[%clk 00:04:13]} {[%emt 00:03:03]}
30. Raf1 {[%clk 00:01:25]} {[%emt 00:02:20]} Rxa2 {[%clk 00:02:45]} {[%emt
00:01:58]} 31. f5 {[%clk 00:01:15]} {[%emt 00:00:41]} Rac2 {[%clk 00:02:24]}
{[%emt 00:00:50]} 32. fxg6 {[%clk 00:01:25]} {[%emt 00:00:21]} fxg6 {[%clk
00:02:31]} {[%emt 00:00:23]} 33. Rf6 {[%clk 00:00:44]} {[%emt 00:01:11]} Bg7
{[%clk 00:02:27]} {[%emt 00:00:35]} 34. Rxg6 {[%clk 00:00:47]} {[%emt
00:00:28]} Kf7 {[%clk 00:02:17]} {[%emt 00:00:40]} 35. Rg5 {[%clk 00:01:07]}
{[%emt 00:00:10]} h4 {[%clk 00:01:18]} {[%emt 00:01:29]} 36. Bb4 {[%clk
00:00:42]} {[%emt 00:00:54]} Rf2 {[%clk 00:01:11]} {[%emt 00:00:37]} 37. e6+
{[%clk 00:00:49]} {[%emt 00:00:24]} Kxe6 {[%clk 00:00:45]} {[%emt 00:00:56]} 38.
Rxg7 {[%clk 00:01:13]} {[%emt 00:00:06]} h3 {[%clk 00:00:42]} {[%emt 00:00:33]}
39. Be1 {[%clk 00:00:48]} {[%emt 00:00:55]} Rfe2 {[%clk 00:00:42]} {[%emt
00:00:30]} 40. Rg3 {[%clk 00:30:57]} {[%emt 00:00:21]} hxg2+ {[%clk 00:30:37]}
{[%emt 00:00:35]} 41. R3xg2 {[%clk 00:30:59]} {[%emt 00:00:28]} Kd5 {[%clk
00:28:36]} {[%emt 00:02:31]} 42. Rxe2 {[%clk 00:30:02]} {[%emt 00:01:27]} Rxe2
{[%clk 00:29:03]} {[%emt 00:00:03]} 43. Ba5 {[%clk 00:17:04]} {[%emt 00:13:28]}
Rb2 {[%clk 00:27:04]} {[%emt 00:02:30]} 44. Rg3 {[%clk 00:14:25]} {[%emt
00:03:09]} Kc5 {[%clk 00:25:21]} {[%emt 00:02:13]} 45. b4+ {[%clk 00:12:12]}
{[%emt 00:02:43]} Kb5 {[%clk 00:24:30]} {[%emt 00:01:21]} 46. Rg6 {[%clk
00:12:01]} {[%emt 00:00:42]} Kc4 {[%clk 00:24:23]} {[%emt 00:00:36]} 47. Rb6
{[%clk 00:11:49]} {[%emt 00:00:42]} Kd5 {[%emt 00:01:44]} 1-0